Encuentro de tres mundos. A 500 años de la primera circunnavegación del planeta.

Guardat en:
Dades bibliogràfiques
Autor principal: Rosenblitt B., Jaime (textos e investigación)
Autor corporatiu: Centro de Investigaciones Diego Barros Arana (textos e investigación)
Format: Llibre
Publicat: Santiago, Chile: Biblioteca Nacional de Chile: 2020.
Matèries:
Accés en línia:Disponible Online - Biblioteca Nacional Digital
Etiquetes: Afegir etiqueta
Sense etiquetes, Sigues el primer a etiquetar aquest registre!

MARC

LEADER 00000nam a22000007a 4500
003 CL-VaPUC
005 20240503131403.0
008 240417t2020 ||||| |||| 00| 0 eng d
999 |c 443515  |d 443513 
020 |a 978-956-244-492-7 
040 |c Pontificia Universidad Católica de Valparaíso 
082 7 |2 22  |a 910.946 ROS 2020 
100 |a Rosenblitt B., Jaime  |9 573638  |e textos e investigación 
110 1 |a Centro de Investigaciones Diego Barros Arana  |e textos e investigación  |9 888378 
245 |a Encuentro de tres mundos.  |b A 500 años de la primera circunnavegación del planeta. 
260 |a Santiago, Chile:  |b Biblioteca Nacional de Chile:  |c 2020. 
300 |a 213 páginas. 
500 |a c.1-3. Donación Rectoría. 15-4-2024 
583 |c 20240417  |k Catalogador Asistente 
650 0 |9 888507  |a Expedición de Magallanes-Elcano  |y 1519-1522  |z América  |z Portugal   |z Asia 
650 0 |9 357564  |a Pueblos indígenas   |v Aonikenk (tehuelches o patagones)  |v Selk'nam (onas)  |v Kawésqar  |v Yagán (yámana)  |z Patagonia argentina  |z Patagonia chilena 
650 0 |9 888508  |a Mapamundis manuscritos  |v Mapas antiguos 
856 |u https://www.bibliotecanacionaldigital.gob.cl/visor/BND:619990  |y Disponible Online - Biblioteca Nacional Digital 
942 |2 ddc  |c BK 
952 |0 0  |1 0  |2 ddc  |4 0  |6 910_946000000000000_ROS_2020  |7 0  |8 A  |9 594085  |a BIBHIS  |b BIBHIS  |d 2024-04-17  |e Donación  |i 5660702  |o 910.946 ROS 2020  |p 5660702  |r 2024-04-17  |t 1  |w 2024-04-17  |y BK  |k HIS 
952 |0 0  |1 0  |2 ddc  |4 0  |6 910_946000000000000_ROS_2020  |7 0  |8 A  |9 594086  |a BIBHIS  |b BIBHIS  |d 2024-04-17  |e Donación  |i 5660703  |o 910.946 ROS 2020  |p 5660703  |r 2024-04-17  |t 2  |w 2024-04-17  |y BK  |k HIS 
952 |0 0  |1 0  |2 ddc  |4 0  |6 910_946000000000000_ROS_2020  |7 0  |8 A  |9 594087  |a BIBHIS  |b BIBHIS  |d 2024-04-17  |e Donación  |i 5660704  |o 910.946 ROS 2020  |p 5660704  |r 2024-04-17  |t 3  |w 2024-04-17  |y BK  |k HIS